Largest Municipalities in Kansas by First Letter - Statistics

General Stats
  • This quiz has been taken 10 times
  • The average score is 15 of 25
Answer Stats
First Letter County Population Municipality % Correct
K Wyandotte 150,689 Kansas City
100%
T Shawnee 124,833 Topeka
100%
W Sedgwick 394,849 Wichita
100%
L Douglas 97,057 Lawrence
90%
M Riley 53,364 Manhattan
90%
O Johnson 196,659 Overland Park
90%
G Finney 26,934 Garden City
80%
H Reno 39,431 Hutchinson
80%
J Geary 21,128 Junction City
80%
S Johnson 70,731 Shawnee
80%
D Ford 27,366 Dodge City
70%
E Lyon 24,113 Emporia
70%
A Butler 16,380 Andover
50%
I Montgomery 8,155 Independence
50%
N Harvey 18,040 Newton
50%
P Johnson 22,856 Prairie Village
50%
U Grant 5,512 Ulysses
50%
C Montgomery 8,414 Coffeyville
40%
Q Gove 956 Quinter
40%
F Bourbon 7,581 Fort Scott
30%
R Johnson 6,609 Roeland Park
30%
V Sedgwick 7,336 Valley Center
30%
Y Woodson 1,315 Yates Center
30%
B Sedgwick 10,356 Bel Aire
20%
Z Ellis 78 Zurich
10%
No matching quizzes found
Score Distribution
Percent of People with Each Score
Percentile by Number Answered
Your Score History
You have not taken this quiz